000 00616nam a2200205Ia 4500
001 16917
003 GE_BSU
008 181216s||||||||xx |||||||||||||| ||und||
040 _cGE_BSU
080 _a821.161.1-32
100 _aჩეხოვი, ა.
245 _aმოთხრობები
245 _cთარგმანი რ. ქებულაძემ. რედ.ნ. ლორთქიფანიძე
260 _aთბილისი
260 _bნაკადული
260 _c1982
300 _a414 გვ.20 სმ.
653 _aმოთხრობები
942 _cBK
999 _c49981
_d49981